00859nam a2200193 i 4500001000700000003000900007005001700016008004100033245021700074260004400291300002000335490007300355650005300428700003500481700002100516710003100537830007300568852002400641184704ES-MaACL20250902131140.0151116s1919 ag |||| | spa d00aOrganización de la Iglesia y Órdenes Religiosas en el virreinato del Perú en el siglo XVI : bdocumentos del Archivo de Indias / cpublicación dirigida por Roberto Levillier ; prólogo de Pablo Pastells. aBuenos Aires : bMunicipalidad, c1919. a2 v. ; c25 cm.1 aColección de Publicaciones de la Biblioteca del Congreso Argentino 7aÓrdenes y congregaciones religiosas-zPerú21 aLevillier, Roberto,d1886-19690 aPastells, Pablo.2 aArchivo General de Indias.0 aColección de Publicaciones de la Biblioteca del Congreso Argentino aES-MaACLjC-7172-73